السحر في مصر القديمة / (رقم التسجيلة. 100436)

تفاصيل مارك
000 -الفاتح
عناصر البيانات ثابتة الطول 00739cam a2200205 i 4500
005 - تاريخ ووقت آخر معاملة
حقل ضبط 20251108173304.0
008 - عناصر البيانات ثابتة الطول
عناصر البيانات ثابتة الطول 250721s1998 ua gr 000 0 ara d
020 ## - الترقيم الدولي المعياري للكتب (ردمك)
الترقيم الدولي المعياري للكتب (ردمك) 1841170097
041 ## - كود اللغة
كود اللغة لنص/مسار صوت أو عنوان منفصل ara
كود اللغة للأصل eng
082 14 - رقم تصنيف ديوي العشري
رقم التصنيف 133.43
رقم المادة ب د ج
100 1# - مدخل رئيسي – اسم شخصي
الاسم الشخصي بدج، واليس
علاقة الشخص بالعمل/ دوره مؤلف.
245 10 - بيان العنوان
العنوان السحر في مصر القديمة /
بيان المسؤولية ترجمة وتقديم د. عبد الهادي عبد الرحمن.
264 1# - بيانات النشر، التوزيع…إلخ
مكان النشر، التوزيع...إلخ بيروت :
اسم الناشر، الموزع...إلخ مؤسسة الإنتشار العربي،
تاريخ النشر، التوزيع...إلخ 1998.
300 ## - الوصف المادي
عدد الوحدات المكونة للوعاء 205 صفحة.
650 17 - مدخل إضافي بالموضوع - مصطلح موضوعي
مصطلح موضوعي أو اسم جغرافي كعنصر مدخل السحر و التنجيم.
650 17 - مدخل إضافي بالموضوع - مصطلح موضوعي
مصطلح موضوعي أو اسم جغرافي كعنصر مدخل تاريخ مصر القديمة.
700 1# - مدخل إضافي - اسم شخصي
الاسم الشخصي عبد الرحمن، عبد الهادي
علاقة الشخص بالعمل/ دوره مترجم.
942 ## - بيانات إضافية (كوها)
نوع التنصيف Dewey Decimal Classification
نوع المادة (كوها) كتب
المقتنيات
حالة السحب حالة الفقدان مصدر التصنيف حالة التلف غير قابل للإعارة المكتبة الرئيسية المكتبة الحالية موقع الرف تاريخ التزويد الرقم المتسلسل Total Checkouts رقم الإستدعاء الباركود تاريخ آخر ظهور تاريخ الفاتورة نوع المادة (كوها)
    Dewey Decimal Classification     المكتبة المركزية المكتبة المركزية الإعارة 28/07/2025 867215   133.43 / ب د ج 867215 28/07/2025 28/07/2025 كتب
Implemented & Customized by: BBB with SCIT (Smart Chains for Information Technology)

Powered by Koha